000 00348nam a2200145Ia 4500
005 20250429090634.0
008 240331s9999 xx 000 0 und d
082 _bKAL
_a291
100 _aKaliasanathak K
245 0 _aInthup panpadu sila sinthanaihal
260 _aMadras
_bThamizhiyal
_c1986
300 _a68 p .,
650 _aEssays
942 _cL
999 _c3575
_d3575